| 000 | 00405nam a22001697a 4500 | ||
|---|---|---|---|
| 003 | MACL | ||
| 005 | 20160116141128.0 | ||
| 008 | 160116b xxu||||| |||| 00| 0 eng d | ||
| 040 | _cMACL | ||
| 041 | _aEnglish | ||
| 082 | _a792/RAZ | ||
| 100 |
_aRaza,Ali S. _932873 |
||
| 245 | _aThe Dialogue of Mother India | ||
| 260 |
_aNew Delhi _bNiyogi Books _c2010 |
||
| 650 |
_aTheater _932872 |
||
| 942 |
_2ddc _cBK |
||
| 999 |
_c52625 _d52625 |
||